Normal view
MARC view
- البنوك الاسلامية
Entry Topical Term
001 - CONTROL NUMBER
- control field: 43920
003 - CONTROL NUMBER IDENTIFIER
- control field: JO-AjAnu
005 - DATE AND TIME OF LATEST TRANSACTION
- control field: 20230606081257.0
008 - FIXED-LENGTH DATA ELEMENTS
- fixed length control field: 230606|| aca||aabn | a|a d
040 ## - CATALOGING SOURCE
- Original cataloging agency: JO-AjAnu
- Transcribing agency: JO-AjAnu
150 ## - HEADING--TOPICAL TERM
- Topical term or geographic name entry element: البنوك الاسلامية
670 ## - SOURCE DATA FOUND
- Source citation: Work cat.: (JO-AjAnu)22488: العامري، رشاد نعمان شايع, author 43919, الخدمات المصرفية الائتمانية في البنوك الاسلامية : دراسة مقارنة في القانون والفقه الاسلامي